Irwin Law: Constitutional Law (Fourth Edition) /

Bibliographic Details
Main Author: J. Monahan, Patrick
Other Authors: Shaw, Byron
Format: eBook
Language:English
Published: Toronto: Irwin Law Inc., 2013
Edition:Fourth Edition
Subjects:
Online Access:Acceso restringido

MARC

LEADER 00000nam a22000007a 4500
005 20171102181110.0
007 cr|||| ||||
008 171102s2013 xxc|||||s|||| 00||0 eng d
020 |a 978-1-55221-304-9 
035 |a 20649 
040 |a vLex 
090 |c 7190  |d 7190 
100 1 |a J. Monahan, Patrick 
245 1 0 |a Irwin Law:  |h [Recurso electrn̤ico] :  |b Constitutional Law (Fourth Edition) / 
250 |a Fourth Edition 
256 |a Servicio en ln̕ea 
260 |a Toronto:  |b Irwin Law Inc.,  |c 2013  
300 |a 1 recurso electrn̤ico 
506 1 |a Disponible solo en los productos indicados  |d vLex Global  |d vLex Global (Academic Edition, excluding Law Schools)  |d vLex Global (U.S. Academic Edition, Law Schools)  |d vLex Global (U.S. Academic Edition, excluding Law Schools)  |d vLex Global (Academic Edition, Law Schools) 
650 0 4 |a Derecho constitucional  |z Canad̀ 
700 1 |a Shaw, Byron 
740 0 |a vLex Libros (Servicio en ln̕ea) 
856 4 0 |u http://vlex.com/source/constitutional-law-20649  |z Acceso restringido 
942 |c BOOK 
999 0 |a Constitutional law